Responses for show #8421 - Monday, June 14, 2021

First game with Savannah Guthrie as guest host.
Champion's winnings & consolation amounts matched to The Bowery Mission.

Contestants

[<< previous game]

Caitlin Hackett, a radiologist from Ann Arbor, Michigan

Jonathan Udoff, a business intelligence analyst from San Diego, California

Katie Sekelsky, a graphic designer from Kent, Ohio (whose 1-day cash winnings total $7,999)

[next game >>]

Jeopardy! Round responses

THAT'S HEAVY, MAN
BODIES OF WATER
THE MAIN LIQUOR
A MESSY CATEGORY
PLAY TIME IS OVER
MOBITUARIES WITH MO ROCCA
(Mo: I'm Mo Rocca, a correspondent for CBS Sunday Morning, sharing some Mobituaries from my book and podcast.)
    $200 14
the Statue of Liberty

Caitlin
    $200 9
Victoria

Jonathan
    $200 1
Scotch whiskey

Katie
    $200 3
a Jumble

Caitlin
    $200 20
a slam dunk

Katie
    $200 17
Neanderthals

Katie
    $400 15
a crocodile

Caitlin
    $400 10
(Katie: What is the North Sea?)

the Arctic Ocean

KatieJonathan
    $400 2
tequila

Jonathan
    $400 4
Pig-Pen

Caitlin
    $400 21
(Katie: What is first base?)

second base

Katie
Triple Stumper
    $400 27
Anne Frank

Jonathan
    $600 16
aircraft carrier

Triple Stumper
    $2,000 11
Puget Sound

Jonathan
    $600 8
(Savannah: My favorite.)

vodka

Triple Stumper
    $600 5
chaos

Jonathan
    $600 22
high sticking

Katie
    $600 28
Prussia

Jonathan
    $800 25
Big Ben

Katie
    $800 12
Lake Maracaibo

Jonathan
    $800 18
rum

Jonathan
    $800 6
slipshod

Triple Stumper
    $800 23
a jump ball

Katie
    $800 29
Thomas Paine

Katie
    $1000 26
a Sherman tank

Katie
    $1000 13
the Gulf of Persia (the Persian Gulf)

Jonathan
    $1000 19
(Katie: What is tequila?)

gin

Katie
Triple Stumper
    $1000 7
a slaughter house

Jonathan
    $1000 24
fumbles

Triple Stumper
    $1000 30
Beau Brummell

Triple Stumper

Scores at the first commercial break (after clue 15):

Katie Jonathan Caitlin
-$200 $6,400 $1,200

Scores at the end of the Jeopardy! Round:

Katie Jonathan Caitlin
$2,800 $8,200 $1,200

Double Jeopardy! Round responses

CITY FILL IN
ASIAN LITERATURE & DRAMA
TIME LINES
U.N. ANNIVERSARIES
MUSICAL SEQUELS
ENDS IN "GH"
    $400 7
Plymouth

Triple Stumper
    $400 4
masks

Triple Stumper
    $400 17
Franklin

Jonathan
    $400 26
San Francisco

Jonathan
    $400 1
Annie

Caitlin
    $400 12
a breakthrough

Jonathan
    $800 8
Louisville

Jonathan
    $800 18
India

Katie
    $800 22
the Walrus

Triple Stumper
    $800 27
the League of Nations

Katie
    $800 2
Grease

Caitlin
    $800 13
a trough

Katie
    $1200 9
Montgomery

Katie
    $2,000 19
(Katie: What is The Magnificent Seven?)

Rashomon

Katie
    $1200 23
(Savannah: Yes, and I didn't sing it for you.)
[Laughter]

"As Time Goes By"

Caitlin
    $1200 28
(Jonathan: What is the International, um...)

the International Criminal Court

Jonathan
Triple Stumper
    $1200 3
High School Musical

Jonathan
    $1200 14
"Anchors Aweigh"

Caitlin
    $1600 10
Vienna

Caitlin
    $1600 20
(Jonathan: Who is "Roofie"?)

Omar Khayyam

Jonathan
Triple Stumper
    $1,500 24
Ecclesiastes

Caitlin
    $1600 29
peacekeepers

Jonathan
    $1600 5
Birdie

Katie
    $1600 15
a furlough

Katie
    $2000 11
Leyden

Triple Stumper
    $2000 21
the Analects

Triple Stumper
    $2000 25
Steve Jobs

Triple Stumper
    $2000 30
Dag Hammarskj├Âld

Triple Stumper
    $2000 6
the Gershwins

Katie
    $2000 16
slough

Caitlin

Scores at the end of the Double Jeopardy! Round:

Katie Jonathan Caitlin
$9,600 $10,200 $9,900

[wagering suggestions for these scores]

Final Jeopardy! Round responses

19th CENTURY AMERICA
(Savannah: President Monroe thought the U.S. should not interfere in Europe and vice versa.)
KatieWhat is Global isolationism
$901
CaitlinWhat is Laissez Faire
$9,601
JonathanWhat is hands off?
$9,601
the Monroe Doctrine

Final scores:

Katie Jonathan Caitlin
$8,699 $599 $299
2-day champion: $16,698 2nd place: $2,000 3rd place: $1,000

Game dynamics:

Coryat scores:

Katie Jonathan Caitlin
$11,600 $8,800 $10,000
15 R,
4 W
(including 1 DD)
17 R
(including 1 DD),
2 W
11 R
(including 1 DD),
0 W

Combined Coryat: $30,400

The J! Archive is created by fans, for fans. The Jeopardy! game show and all elements thereof, including but not limited to copyright and trademark thereto, are the property of Jeopardy Productions, Inc. and are protected under law. This website is not affiliated with, sponsored by, or operated by Jeopardy Productions, Inc. Join the discussion at JBoard.tv.